Statistics for Baseball Rules Lawyer Quiz

Click here to take the quiz!

General Stats

  • This quiz has been taken 6,753 times
  • The average score is 11 of 15

Answer Stats

QuestionAnswer% Correct
A batted ball goes over the outfield fence in fair territory but curves foul afterwards. What's the call?Home run
90%
Is it possible to reach first base after striking out?Yes
86%
A batted ball bounces over the outfield fence in fair territory. What's the call?Double
84%
What happens if a runner fails to touch one of the bases after hitting a home run?The batter is out
82%
If one player is substituted for another, can the removed player ever re-enter the game?No
79%
What happens if the pitcher is called for a "balk"?All runners currently on base advance one base
78%
What happens if two runners occupy the same base and they are both tagged?The lead runner is safe, the other is out
76%
Can a player tag up and advance on a caught foul ball?Yes
72%
A batter hits into a ground out for the third out of the inning. But before the ball reaches first base, a runner scores. Does the run count?No
71%
A batter tries to bunt but fouls it off. What's the call?The batter is out if there are two strikes
69%
A batted ball strikes the foul pole above the line of the fence. What's the call?Home run
68%
A batted ball hits the outfield fence but is caught before it hits the ground. What's the call?The ball is in play
68%
What happens if a batter "tips" a foul ball into the catcher's mitt?It is treated as if the batter swung and missed
59%
It's the beginning of the 6th inning in a regular season game. The score is 2-1. A rain storm forces the game to stop for the day. What happens?The team currently ahead is declared the winner
55%
What happens if a fielder throws his glove at a ball in play and touches it?Each runner gets to advance three bases
21%

Score Distribution

Percentile by Number Answered

Percent of People with Each Score

Your Score History

You have not taken this quiz